[Event "FRA-chT U20 0809"]
[Site "Sautron"]
[Date "2009.01.03"]
[Round "6.2"]
[White "Treand, Victor"]
[Black "Palacios Aguilar, Diego Andre"]
[Result "0-1"]
[WhiteElo "1804"]
[BlackElo "1874"]
[PlyCount "68"]
[EventDate "2008.10.??"]
[EventType "team-tourn"]
[EventRounds "11"]
[EventCountry "FRA"]
[SourceTitle "EXT 2010"]
[Source "ChessBase"]
[SourceDate "2010.11.25"]
[SourceVersion "1"]
[SourceVersionDate "2010.11.25"]
[SourceQuality "1"]

1. c4 f5 2. d4 Nf6 3. Nc3 g6 4. f3 d6 5. e4 fxe4 6. fxe4 Nbd7 7. Nf3 e5 8. Be2 Bg7 9. dxe5 dxe5 10. 0-0 0-0 11. Bg5 Qe7 12. Qc2 c6 13. Rad1 Nc5 14. Bh4 Ne6 15. Bg3 Ng4 16. Bf2 Nd4 17. Qd3 Nxf2 18. Rxf2 Nxe2+ 19. Qxe2 Bg4 20. h3 Be6 21. b3 Rf4 22. Qd3 Raf8 23. Rdd2 Bh6 24. Ne1 Rxf2 25. Rxf2 Qc5 26. Nd1 Bg5 27. Nf3 Rd8 28. Qc2 Bf4 29. Kh1 Rxd1+ 30. Qxd1 Qxf2 31. Qd8+ Kg7 32. Qe7+ Bf7 33. Ng1 Qf1 34. Qxb7 Be3 0-1

[Event "FRA-chT U20 0809"]
[Site "Sautron"]
[Date "2009.01.02"]
[Round "4.2"]
[White "Treand, Victor"]
[Black "Hallope, Arnaud"]
[Result "0-1"]
[WhiteElo "1804"]
[BlackElo "1755"]
[PlyCount "64"]
[EventDate "2008.10.??"]
[EventType "team-tourn"]
[EventRounds "11"]
[EventCountry "FRA"]
[SourceTitle "EXT 2010"]
[Source "ChessBase"]
[SourceDate "2010.11.25"]
[SourceVersion "1"]
[SourceVersionDate "2010.11.25"]
[SourceQuality "1"]

1. c4 c5 2. Nf3 Nf6 3. Nc3 d5 4. cxd5 Nxd5 5. d4 Nc6 6. Nxd5 Qxd5 7. Be3 cxd4 8. Nxd4 Bd7 9. Qb3 Qa5+ 10. Bd2 Nxd4 11. Bxa5 Nxb3 12. axb3 e5 13. e4 Bc6 14. f3 Bc5 15. Bc3 f6 16. b4 Bb6 17. Bc4 Rc8 18. Bb3 Ke7 19. 0-0-0 Rhd8 20. Rxd8 Rxd8 21. Bc4 Rc8 22. b3 Bb5 23. Bxb5 Rxc3+ 24. Kb2 Bd4 25. Ka3 Rc2 26. g3 Rf2 27. Rf1 Rxh2 28. Bc4 Rg2 29. g4 Rc2 30. Bg8 h6 31. Bh7 b5 32. Bf5 Rc6 0-1

[Event "FRA-chT U20a 0405"]
[Site "France"]
[Date "2005.05.15"]
[Round "8.6"]
[White "Auvray, Juliette"]
[Black "Treand, Victor"]
[Result "1-0"]
[WhiteElo "1620"]
[BlackElo "1320"]
[PlyCount "107"]
[EventDate "2004.11.19"]
[EventType "team"]
[EventRounds "11"]
[EventCountry "FRA"]
[SourceTitle "EXT 2006"]
[Source "ChessBase"]
[SourceDate "2005.11.24"]
[SourceVersion "1"]
[SourceVersionDate "2005.11.24"]
[SourceQuality "1"]

1. d4 c5 2. e3 g6 3. Bd3 Bg7 4. Nf3 cxd4 5. exd4 Nf6 6. 0-0 0-0 7. Bf4 Nc6 8. c3 d5 9. h3 Nh5 10. Bg5 f6 11. Be3 Qd6 12. Qd2 f5 13. b4 e5 14. dxe5 Nxe5 15. Nxe5 Qxe5 16. Bd4 Qc7 17. Bxg7 Kxg7 18. Be2 Nf6 19. Bf3 Be6 20. Re1 Qd6 21. c4 Rfe8 22. a3 Rad8 23. cxd5 Bxd5 24. Rxe8 Nxe8 25. Bxd5 Qxd5 26. Qxd5 Rxd5 27. Nc3 Rd3 28. Na4 b6 29. Nb2 Rb3 30. Nc4 Nc7 31. Nd6 a6 32. Kf1 Nb5 33. Nxb5 axb5 34. Ke1 Kf6 35. f4 Ke6 36. Ra2 Kd5 37. Kf2 Ke4 38. g3 Kd3 39. Re2 Rc3 40. Re6 Kc4 41. Rc6+ Kb3 42. Rxb6 Kxa3 43. Rxb5 Rc7 44. Rb8 Ka4 45. g4 Rc4 46. Kg3 Rxb4 47. Rxb4+ Kxb4 48. gxf5 gxf5 49. Kh4 h6 50. Kh5 Kc4 51. Kg6 Kd5 52. Kxf5 Kd6 53. Kf6 Kd7 54. Kf7 1-0

[Event "FRA-chT U20 0304"]
[Site "France"]
[Date "2004.04.30"]
[Round "8"]
[White "Aflalo, Sophie"]
[Black "Treand, Victor"]
[Result "0-1"]
[WhiteElo "1490"]
[BlackElo "1070"]
[PlyCount "38"]
[EventDate "2003.11.??"]
[EventType "team"]
[EventRounds "11"]
[EventCountry "FRA"]
[SourceTitle "EXT 2005"]
[Source "ChessBase"]
[SourceDate "2004.11.15"]
[SourceVersion "1"]
[SourceVersionDate "2004.11.15"]
[SourceQuality "1"]
[WhiteTeam "AECE"]
[BlackTeam "Nancy"]
[WhiteTeamCountry "FRA"]
[BlackTeamCountry "FRA"]

1. e4 c5 2. Nf3 Nc6 3. c3 Nf6 4. Bd3 g6 5. Bc2 Bg7 6. d4 cxd4 7. cxd4 0-0 8. Nc3 d5 9. e5 Ne8 10. Bf4 Nc7 11. Qd2 Bg4 12. Bh6 Bxf3 13. gxf3 Nxd4 14. Qxd4 Bxh6 15. Qh4 Bg7 16. f4 e6 17. Qh3 Rc8 18. 0-0-0 Qe8 19. Qg3 Qc6 0-1